000 00385nam a2200157Ia 4500
005 20240821151820.0
008 240821s9999||||xx |||||||||||||| ||und||
082 _a371.41 SHA
100 _aSharma, T. R.
245 0 _aBasic shiksha ke siddhant (HIN)
250 _a1st ed.
260 _aJalandhar
_bPunjabi Publishers
_c1956
300 _a140p.
650 _aEducation
942 _cBK
999 _c46343
_d46343